[Event "Chigorin Memorial"]
[Site "St Petersburg"]
[Date "2015.10.09"]
[Round "7.5"]
[White "Can, Emre"]
[Black "Sakaev, Konstantin"]
[Result "1/2-1/2"]
[WhiteElo "2531"]
[BlackElo "2594"]
[PlyCount "95"]
[EventDate "2015.10.03"]
[EventRounds "9"]
[EventCountry "RUS"]
[WhiteClock "0:19:41"]
[BlackClock "0:22:56"]

1. Nf3 d5 2. d4 e6 3. c4 dxc4 4. e3 Nf6 5. Bxc4 c5 6. O-O a6 7. a4 Nc6 8. Nc3
Be7 9. Qd3 O-O 10. Rd1 Qc7 11. Qe2 Rd8 12. h3 h6 13. d5 exd5 14. Bxd5 Nb4 15.
Bc4 Rxd1+ 16. Nxd1 Bf5 17. Nc3 Ne4 18. Nxe4 Bxe4 19. Bd2 Rd8 20. Bc3 Nd5 21.
Bxd5 Rxd5 22. Nd2 Bd3 23. Qf3 Rf5 24. Qd1 Qc6 25. e4 Rg5 26. Nf3 Rxg2+ 27. Kxg2
Qg6+ 28. Kh2 Bxe4 29. Qg1 Bxf3 30. Qxg6 fxg6 31. Re1 Bf8 32. h4 Bc6 33. a5 Kf7
34. Kg3 c4 35. Rd1 Be7 36. Rd4 Bb5 37. Re4 Bd6+ 38. Be5 Bb4 39. Bc3 Bd6+ 40.
Be5 Bb4 41. Bc7 Bd2 42. Bd6 Bc6 43. Rxc4 Bxa5 44. Be5 Bd8 45. f4 Be7 46. Bc3
Bd6 47. Be5 Be7 48. Bc3 1/2-1/2

[Event "Chigorin Memorial"]
[Site "St Petersburg"]
[Date "2015.10.09"]
[Round "7.6"]
[White "Kharchenko, Boris"]
[Black "Andriasian, Zaven"]
[Result "1/2-1/2"]
[WhiteElo "2500"]
[BlackElo "2591"]
[PlyCount "61"]
[EventDate "2015.10.03"]
[EventRounds "9"]
[EventCountry "RUS"]
[WhiteClock "0:17:39"]
[BlackClock "0:38:08"]

1. e4 c5 2. c3 Nf6 3. e5 Nd5 4. d4 cxd4 5. Nf3 Nc6 6. Bc4 Nb6 7. Bb3 d5 8. exd6
Qxd6 9. O-O Be6 10. Bxe6 Qxe6 11. Nxd4 Nxd4 12. Qxd4 Rd8 13. Qf4 g6 14. Be3 Bg7
15. Qb4 O-O 16. Bxb6 Qxb6 17. Qxb6 axb6 18. a4 Rd5 19. Na3 Rfd8 20. Rfe1 e6 21.
Kf1 Bf8 22. Nc4 b5 23. axb5 Rxb5 24. Ra5 Rb3 25. Ra2 Bh6 26. Rea1 Kg7 27. Ra3
Rb5 28. Ra5 Rb3 29. R5a3 Rb5 30. Ra5 Rb3 31. R5a3 1/2-1/2

[Event "Chigorin Memorial"]
[Site "St Petersburg"]
[Date "2015.10.09"]
[Round "7.7"]
[White "Paravyan, David"]
[Black "Sandipan, Chanda"]
[Result "0-1"]
[WhiteElo "2486"]
[BlackElo "2567"]
[PlyCount "140"]
[EventDate "2015.10.03"]
[EventRounds "9"]
[EventCountry "RUS"]
[WhiteClock "0:01:50"]
[BlackClock "0:34:18"]

1. d4 d5 2. c4 c6 3. Nc3 Nf6 4. e3 e6 5. Nf3 Nbd7 6. Qc2 Bd6 7. Bd3 O-O 8. O-O
dxc4 9. Bxc4 b5 10. Be2 Qe7 11. Rd1 a6 12. a3 h6 13. Bd2 c5 14. dxc5 Bxc5 15.
b4 Bd6 16. Ne4 Nxe4 17. Qxe4 Nb6 18. Bc3 Nd5 19. Be5 Bxe5 20. Qxe5 Bb7 21. Bd3
Rfd8 22. Rac1 Rd6 23. Bb1 Rad8 24. h3 Nb6 25. Rxd6 Qxd6 26. Qxd6 Rxd6 27. Ne5
f6 28. Rc7 Ba8 29. Nd3 Be4 30. Rc3 Na4 31. Rc8+ Kh7 32. Rc1 Bxd3 33. Rd1 Nb2
34. Rd2 Bxb1 35. Rxd6 e5 36. Rxa6 Bc2 37. Rb6 Ba4 38. Rd6 Nc4 39. Rd3 e4 40.
Rc3 g5 41. f3 f5 42. Kf2 h5 43. fxe4 fxe4 44. g3 Kg6 45. Ke2 Kf5 46. Ke1 h4 47.
g4+ Ke5 48. Ke2 Kd6 49. Ke1 Nb2 50. Ke2 Bd1+ 51. Kf1 Bf3 52. Rc5 Nd1 53. Rxg5
Nxe3+ 54. Kf2 Nc2 55. Rg8 Ke7 56. Rg5 Ke6 57. Rg8 Nxa3 58. g5 Nc2 59. g6 Kf6
60. g7 Nxb4 61. Ke3 Nd3 62. Rb8 Kxg7 63. Rxb5 Ne1 64. Rf5 Nc2+ 65. Kf4 e3 66.
Kxf3 Nd4+ 67. Kxe3 Nxf5+ 68. Kf4 Kf6 69. Kg4 Kg6 70. Kf4 Nh6 0-1

[Event "Chigorin Memorial"]
[Site "St Petersburg"]
[Date "2015.10.09"]
[Round "7.8"]
[White "Belous, Vladimir"]
[Black "Abdusattorov, Nodirbek"]
[Result "1-0"]
[WhiteElo "2566"]
[BlackElo "2432"]
[PlyCount "93"]
[EventDate "2015.10.03"]
[EventRounds "9"]
[EventCountry "RUS"]
[WhiteClock "0:37:44"]
[BlackClock "0:37:28"]

1. c4 Nf6 2. Nf3 e6 3. g3 d5 4. d4 Be7 5. Bg2 O-O 6. O-O dxc4 7. Qc2 a6 8. a4
Bd7 9. Qxc4 Bc6 10. Bg5 h6 11. Bxf6 Bxf6 12. Nc3 Bxf3 13. Bxf3 c6 14. Rfd1 a5
15. e4 Qb6 16. e5 Be7 17. Rd2 Na6 18. Rad1 Rad8 19. h4 Rd7 20. Be4 Nb4 21. Qe2
Rfd8 22. Qg4 Nd5 23. Bb1 Bb4 24. Rd3 Ne7 25. Ne2 Ng6 26. Qe4 c5 27. h5 Nf8 28.
d5 exd5 29. Rxd5 Qc6 30. Nf4 c4 31. Ba2 Rxd5 32. Nxd5 Ne6 33. Bxc4 Ng5 34. Qe2
Qe8 35. Kg2 Bf8 36. f4 Nh7 37. Bb5 Qe6 38. Nf6+ gxf6 39. Rxd8 fxe5 40. Qxe5
Qxe5 41. fxe5 Ng5 42. Rb8 Kg7 43. Rxb7 Bc5 44. Bc4 Kf8 45. Rb5 Bd4 46. Rxa5
Bxb2 47. Rb5 1-0

[Event "Chigorin Memorial"]
[Site "St Petersburg"]
[Date "2015.10.09"]
[Round "7.9"]
[White "Rozum, Ivan"]
[Black "Ponfilenok, Vladimir"]
[Result "1-0"]
[WhiteElo "2547"]
[BlackElo "2395"]
[PlyCount "173"]
[EventDate "2015.10.03"]
[EventRounds "9"]
[EventCountry "RUS"]
[WhiteClock "0:11:34"]
[BlackClock "0:04:51"]

1. Nf3 f5 2. g3 Nf6 3. Bg2 e6 4. O-O d5 5. c4 Be7 6. b3 O-O 7. Bb2 c5 8. cxd5
Nxd5 9. Nc3 Bf6 10. Qc1 Nc6 11. Nxd5 Bxb2 12. Qxb2 Qxd5 13. d4 cxd4 14. Rfd1
Rd8 15. Nxd4 Qe5 16. e3 Bd7 17. Qa3 Nxd4 18. exd4 Qc7 19. Rac1 Bc6 20. d5 exd5
21. Bxd5+ Kh8 22. Bxc6 Rxd1+ 23. Rxd1 Qxc6 24. Qxa7 Re8 25. Qd4 h6 26. Qf4 Qc2
27. Qd2 Qe4 28. Qd3 Qe5 29. Qf3 b6 30. Kg2 Rf8 31. Rd5 Qb2 32. a4 Rf6 33. h4
Qc2 34. h5 Rf8 35. Rb5 Rf6 36. Re5 Qc8 37. Re7 Qg8 38. Ra7 Rf8 39. b4 Qc4 40.
b5 Qd4 41. a5 bxa5 42. Rxa5 Kh7 43. Ra3 Qc5 44. Rb3 Rf6 45. Rb1 Rb6 46. Qd3 Kh8
47. Kg1 Kg8 48. Qe3 Qd6 49. Qe8+ Kh7 50. Rc1 Rb8 51. Qc6 Qd2 52. Qg6+ Kh8 53.
Rc7 Qe1+ 54. Kg2 Qe4+ 55. Kh2 Qe5 56. Rf7 f4 57. gxf4 Qd4 58. Qg2 Kg8 59. Rf5
Kh8 60. Qf3 Rd8 61. Kg2 Qb2 62. Re5 Qb1 63. Qe4 Qd1 64. Re8+ Rxe8 65. Qxe8+ Kh7
66. Qg6+ Kh8 67. Qf5 Qd4 68. Qe5 Qd1 69. Qe8+ Kh7 70. Qe4+ Kh8 71. Qf3 Qd4 72.
Kg3 Qc5 73. Qa8+ Kh7 74. Qe4+ Kh8 75. Qe5 Qa3+ 76. Qe3 Qa1 77. Qe8+ Kh7 78.
Qe4+ Kh8 79. b6 Qg1+ 80. Qg2 Qb1 81. b7 Kh7 82. Qc6 Qg1+ 83. Kh3 Qf1+ 84. Qg2
Qd3+ 85. Kh2 Qb5 86. Qe4+ Kh8 87. Kg2 1-0

[Event "Chigorin Memorial"]
[Site "St Petersburg"]
[Date "2015.10.09"]
[Round "7.10"]
[White "Esen, Baris"]
[Black "Lobanov, Sergei"]
[Result "1-0"]
[WhiteElo "2570"]
[BlackElo "2394"]
[PlyCount "55"]
[EventDate "2015.10.03"]
[EventRounds "9"]
[EventCountry "RUS"]
[WhiteClock "0:35:13"]
[BlackClock "0:18:10"]

1. d4 Nf6 2. c4 e6 3. Nf3 b6 4. a3 c5 5. d5 Ba6 6. Qc2 exd5 7. cxd5 g6 8. Nc3
Bg7 9. Bf4 d6 10. h4 h6 11. e3 Bxf1 12. Kxf1 O-O 13. h5 Nxh5 14. Rxh5 gxh5 15.
Ne4 Nd7 16. Nxd6 Qf6 17. Rb1 Rad8 18. Bg3 Qg6 19. e4 Bf6 20. Nf5 Rfe8 21. N3h4
Bxh4 22. Bxh4 f6 23. Re1 Ne5 24. Re3 Ng4 25. Rg3 Kh7 26. f3 Qxf5 27. Rxg4 Qe5
28. Bxf6 1-0

[Event "Chigorin Memorial"]
[Site "St Petersburg"]
[Date "2015.10.09"]
[Round "7.11"]
[White "Turov, Maxim"]
[Black "Kozionov, Kirill"]
[Result "1-0"]
[WhiteElo "2609"]
[BlackElo "2409"]
[PlyCount "73"]
[EventDate "2015.10.03"]
[EventRounds "9"]
[EventCountry "RUS"]
[WhiteClock "0:12:09"]
[BlackClock "0:00:40"]

1. d4 d5 2. c4 c6 3. Nc3 dxc4 4. e4 b5 5. a4 b4 6. Na2 Nf6 7. e5 Nd5 8. Bxc4 e6
9. Nf3 Be7 10. Bd2 a5 11. Nc1 Nd7 12. Nb3 Bb7 13. Qe2 Qb6 14. Bg5 c5 15. dxc5
Nxc5 16. Bb5+ Kf8 17. Bxe7+ Kxe7 18. Nxc5 Qxc5 19. Qe4 h6 20. O-O Rac8 21. h4
g5 22. hxg5 hxg5 23. Qg4 Rcg8 24. Rac1 Qb6 25. Rfd1 Rh6 26. Rd4 Kf8 27. Rcc4
Rgh8 28. Kf1 Rh1+ 29. Ke2 Rb1 30. Rd2 Nf4+ 31. Rxf4 gxf4 32. Qg5 Bd5 33. Qf6
Qxb5+ 34. axb5 Bc4+ 35. Rd3 Rh5 36. Nd2 Rxb2 37. b6 1-0

[Event "Chigorin Memorial"]
[Site "St Petersburg"]
[Date "2015.10.09"]
[Round "7.12"]
[White "Tunik, Gennady"]
[Black "Kokarev, Dmitry"]
[Result "0-1"]
[WhiteElo "2420"]
[BlackElo "2603"]
[PlyCount "98"]
[EventDate "2015.10.03"]
[EventRounds "9"]
[EventCountry "RUS"]
[WhiteClock "0:21:54"]
[BlackClock "0:23:55"]

1. d4 g6 2. Nf3 Bg7 3. c4 c5 4. e4 d6 5. Be2 Nf6 6. Nc3 O-O 7. O-O Re8 8. dxc5
dxc5 9. Qxd8 Rxd8 10. Be3 b6 11. Rad1 Nc6 12. Rxd8+ Nxd8 13. Rd1 Nc6 14. b3 Ne8
15. Nd5 Bb7 16. Bd3 e6 17. Nf4 Rd8 18. Bc2 Rxd1+ 19. Bxd1 Nd4 20. Nd2 Nd6 21.
f3 f5 22. Kf1 Bh6 23. Nd5 Bxe3 24. Nxe3 fxe4 25. Kf2 exf3 26. gxf3 g5 27. Ng4
Kg7 28. a3 h5 29. Ne5 Kf6 30. Nd3 Nf7 31. f4 gxf4 32. Nxf4 h4 33. b4 Ne5 34.
Ke3 Nf5+ 35. Kf2 Nd6 36. Be2 Kf5 37. Ke3 Ba6 38. b5 Bb7 39. h3 Kf6 40. Bf1 Nf5+
41. Kf2 Ng6 42. Nxg6 Kxg6 43. a4 Kf6 44. a5 bxa5 45. Nb3 a4 46. Nxc5 a3 47. Nb3
a2 48. Na1 Ke5 49. Ke1 Ne3 0-1

[Event "Chigorin Memorial"]
[Site "St Petersburg"]
[Date "2015.10.09"]
[Round "7.13"]
[White "Amonatov, Farrukh"]
[Black "Bublei, Pavel"]
[Result "1/2-1/2"]
[WhiteElo "2591"]
[BlackElo "2380"]
[PlyCount "89"]
[EventDate "2015.10.03"]
[EventRounds "9"]
[EventCountry "RUS"]

1. e4 c6 2. d4 d5 3. Nd2 dxe4 4. Nxe4 Nf6 5. Nxf6+ exf6 6. c3 Bf5 7. Bd3 Bxd3
8. Qxd3 Bd6 9. Nf3 O-O 10. O-O Na6 11. Re1 Nc5 12. Qc2 Ne6 13. Be3 Qc7 14. c4
Rfe8 15. Rad1 Rad8 16. a4 g6 17. h3 b6 18. Qc3 Bf8 19. d5 cxd5 20. Rxd5 Qc6 21.
Rxd8 Rxd8 22. b3 Nc5 23. Bd4 Ne4 24. Qb2 f5 25. h4 Bc5 26. Bxc5 Qxc5 27. Ng5
Qa5 28. Qc1 Nxg5 29. hxg5 f4 30. c5 bxc5 31. Re7 Qd2 32. Qxd2 Rxd2 33. Rxa7 Rb2
34. Rc7 Rxb3 35. Rxc5 Rb4 36. Ra5 Rb1+ 37. Kh2 Rb2 38. f3 Ra2 39. Kh3 Kg7 40.
Kg4 Rxg2+ 41. Kxf4 h6 42. gxh6+ Kxh6 43. Rc5 Ra2 44. a5 Ra3 45. Rb5 1/2-1/2

[Event "Chigorin Memorial"]
[Site "St Petersburg"]
[Date "2015.10.09"]
[Round "7.15"]
[White "Guseva, Marina"]
[Black "Stupak, Kirill"]
[Result "0-1"]
[WhiteElo "2411"]
[BlackElo "2531"]
[PlyCount "104"]
[EventDate "2015.10.03"]
[EventRounds "9"]
[EventCountry "RUS"]

1. d4 Nf6 2. c4 g6 3. Nc3 Bg7 4. e4 d6 5. f3 O-O 6. Nge2 c6 7. Be3 a6 8. c5 b5
9. cxd6 exd6 10. Qd2 Re8 11. Nf4 Nbd7 12. Be2 Nb6 13. b3 Qe7 14. O-O Nbd5 15.
Nfxd5 cxd5 16. Bg5 Qa7 17. Rad1 dxe4 18. Nxe4 Nxe4 19. fxe4 Rxe4 20. Bf3 Rxd4
21. Qe3 Bb7 22. Bxb7 Rxd1 23. Rxd1 Qxb7 24. Rxd6 Bf8 25. Rd1 Qc6 26. Qd2 Re8
27. h3 Re6 28. Kh1 Rd6 29. Qe2 Rxd1+ 30. Qxd1 h6 31. Bf4 Bg7 32. a4 Qe4 33. Bb8
Qd4 34. Qc2 Qa1+ 35. Kh2 Bd4 36. Bf4 Qg1+ 37. Kg3 g5 38. Bc1 Qe1+ 39. Kf3 Kg7
40. axb5 axb5 41. Qd3 Qf2+ 42. Ke4 Bf6 43. Qd2 Qg3 44. Qc2 Bc3 45. Kd5 Qe5+ 46.
Kc6 b4 47. Kb7 Qb5+ 48. Kc7 Be5+ 49. Kd8 Qb6+ 50. Kc8 Qb8+ 51. Kd7 Qb7+ 52. Ke8
Qd5 0-1

[Event "Chigorin Memorial"]
[Site "St Petersburg"]
[Date "2015.10.09"]
[Round "7.16"]
[White "Khusenkhojaev, Muhammad"]
[Black "Volodin, Aleksandr"]
[Result "1-0"]
[WhiteElo "2398"]
[BlackElo "2491"]
[PlyCount "137"]
[EventDate "2015.10.03"]
[EventRounds "9"]
[EventCountry "RUS"]

1. Nf3 d5 2. d4 Nf6 3. c4 c6 4. Qc2 e6 5. g3 Nbd7 6. Bg2 Bb4+ 7. Bd2 Bd6 8. O-O
Ne4 9. Bf4 Bxf4 10. gxf4 O-O 11. e3 b6 12. cxd5 cxd5 13. Nc3 Nxc3 14. Qxc3 Ba6
15. Rfc1 Qe7 16. a3 Rfc8 17. Qb4 Rxc1+ 18. Rxc1 Qxb4 19. axb4 Rc8 20. Ra1 Be2
21. Ne1 Rc7 22. Bf1 Bxf1 23. Kxf1 Kf8 24. Ke2 Nf6 25. f3 Ne8 26. Kd2 Nd6 27. b3
Nf5 28. Nc2 Ke7 29. Na3 Nd6 30. Nb1 Nb5 31. Na3 Nd6 32. Nb1 Nb5 33. Na3 Nxa3
34. Rxa3 h6 35. b5 g5 36. fxg5 hxg5 37. Ra1 Kf6 38. Rh1 Rc8 39. h4 gxh4 40.
Rxh4 Rg8 41. Rh6+ Ke7 42. Kd3 Rg3 43. Rh8 Rg2 44. Rb8 Ra2 45. Rb7+ Kf6 46. Rd7
Kg6 47. e4 dxe4+ 48. fxe4 Ra1 49. e5 Rd1+ 50. Kc2 Ra1 51. Kb2 Ra5 52. Rc7 f6
53. Re7 Kf5 54. Rf7 Rxb5 55. Kc3 Ke4 56. exf6 Rf5 57. Rf8 e5 58. Re8 Rxf6 59.
Rxe5+ Kf4 60. Re7 Rc6+ 61. Kd3 a5 62. Rf7+ Kg5 63. d5 Rc1 64. Kd4 b5 65. d6 a4
66. b4 Kg6 67. Rf3 a3 68. Rxa3 Kf7 69. Re3 1-0

[Event "Chigorin Memorial"]
[Site "St Petersburg"]
[Date "2015.10.09"]
[Round "7.17"]
[White "Iljiushenok, Ilia"]
[Black "Rodin, Dmitrij"]
[Result "1-0"]
[WhiteElo "2491"]
[BlackElo "2378"]
[PlyCount "63"]
[EventDate "2015.10.03"]
[EventRounds "9"]
[EventCountry "RUS"]

1. d4 Nf6 2. c4 e6 3. Nc3 Bb4 4. e3 c5 5. Nge2 cxd4 6. exd4 d5 7. a3 Bxc3+ 8.
Nxc3 dxc4 9. Bxc4 O-O 10. O-O Nbd7 11. Bg5 h6 12. Bh4 b6 13. d5 exd5 14. Bxd5
Ba6 15. Re1 Rc8 16. Qd4 Rc5 17. Rad1 Re8 18. Ne4 g5 19. Bxf7+ Kxf7 20. Nd6+ Kg6
21. Rxe8 Nxe8 22. Qe4+ Kg7 23. Nxe8+ Kf8 24. Bg3 Nf6 25. Qf3 Qxe8 26. Qxf6+ Kg8
27. h4 Rc6 28. Bd6 gxh4 29. Qxh6 Rc4 30. Qg5+ Kh7 31. Be5 Qf7 32. Rd6 1-0

[Event "Chigorin Memorial"]
[Site "St Petersburg"]
[Date "2015.10.09"]
[Round "7.18"]
[White "Atabayev, Maksat"]
[Black "Palachev, Petr"]
[Result "0-1"]
[WhiteElo "2483"]
[BlackElo "2373"]
[PlyCount "166"]
[EventDate "2015.10.03"]
[EventRounds "9"]
[EventCountry "RUS"]

1. e4 e6 2. d4 d5 3. Nd2 Be7 4. Ngf3 Nf6 5. Bd3 c5 6. c3 Nc6 7. O-O cxd4 8.
cxd4 dxe4 9. Nxe4 O-O 10. Be3 Nb4 11. Nxf6+ Bxf6 12. Be4 Nd5 13. Qd3 g6 14. Bh6
Bg7 15. Bxg7 Kxg7 16. Ne5 b6 17. Qg3 Bb7 18. Rfe1 Rb8 19. Rad1 Nf6 20. Bb1 Qd5
21. f3 Rbd8 22. h4 Qd6 23. Qf2 Nd5 24. h5 f6 25. Nc4 Qc7 26. Na3 Nf4 27. Nb5
Qd7 28. Qg3 Nxh5 29. Qc7 Rf7 30. Qxd7 Rfxd7 31. Rxe6 Nf4 32. Re3 Bc6 33. Nc3
Rxd4 34. Re7+ Kh6 35. Rxd4 Rxd4 36. Rc7 Rd6 37. Be4 Bxe4 38. Nxe4 Re6 39. g4 a5
40. b3 Nh3+ 41. Kg2 Ng5 42. Nc3 Rd6 43. Nb5 Rd2+ 44. Kg3 Rd3 45. Rc6 Rxf3+ 46.
Kg2 Rf4 47. Kg3 Rb4 48. Nc7 a4 49. bxa4 Rxa4 50. Rxb6 Ra3+ 51. Rb3 Rxa2 52. Nd5
Ne4+ 53. Kf4 Ra4 54. Ke3 Nc5 55. Rb5 Ra3+ 56. Kd4 Ne6+ 57. Ke4 Ra4+ 58. Ke3
Rxg4 59. Nxf6 Rf4 60. Ne4 Rf7 61. Re5 Ng7 62. Nd2 Nf5+ 63. Kf4 Kg7 64. Ra5 Nd4+
65. Kg3 h5 66. Ne4 Rf3+ 67. Kg2 Rf4 68. Ng5 Kh6 69. Nh3 Rg4+ 70. Kf2 Nf5 71.
Ra6 h4 72. Ra8 g5 73. Ra5 Ne7 74. Ng1 Rf4+ 75. Kg2 g4 76. Ne2 Rc4 77. Kf2 Kg6
78. Ra6+ Kg5 79. Ra8 Rc2 80. Ke3 h3 81. Kd3 Rb2 82. Rh8 Ng6 83. Rh7 Nf4+ 0-1

[Event "Chigorin Memorial"]
[Site "St Petersburg"]
[Date "2015.10.09"]
[Round "7.19"]
[White "Martynov, Pavel"]
[Black "Soffer, Ram"]
[Result "0-1"]
[WhiteElo "2369"]
[BlackElo "2479"]
[PlyCount "88"]
[EventDate "2015.10.03"]
[EventRounds "9"]
[EventCountry "RUS"]

1. e4 c5 2. Nf3 e6 3. g3 Nc6 4. Bg2 Nf6 5. Qe2 e5 6. O-O Be7 7. Na3 O-O 8. c3
Re8 9. d3 Bf8 10. Nc4 d5 11. exd5 Nxd5 12. Ng5 h6 13. Qf3 hxg5 14. Qxd5 Qf6 15.
Ne3 Be6 16. Qe4 Rad8 17. Ng4 Qf5 18. Ne3 Qf6 19. Ng4 Qf5 20. Ne3 Qh7 21. Qxh7+
Kxh7 22. Be4+ g6 23. Nc4 f6 24. Be3 g4 25. a3 Bg8 26. b4 f5 27. Bxc6 bxc6 28.
Rfd1 e4 29. bxc5 exd3 30. Nb2 d2 31. Rdb1 Rd7 32. h3 gxh3 33. Kh2 Bd5 34. Nd1
Bf3 35. Rb4 Bxc5 36. Rf4 Bxd1 37. Rxd1 Bxe3 38. fxe3 Rxe3 39. Rf2 Rdd3 40.
Rfxd2 Rxc3 41. Rg1 Rxa3 42. g4 fxg4 43. Rxg4 Re5 44. Rh4+ Kg7 0-1

[Event "Chigorin Memorial"]
[Site "St Petersburg"]
[Date "2015.10.09"]
[Round "7.20"]
[White "Gorbatov, Alexej"]
[Black "Matinian, Nikita"]
[Result "1/2-1/2"]
[WhiteElo "2368"]
[BlackElo "2473"]
[PlyCount "104"]
[EventDate "2015.10.03"]
[EventRounds "9"]
[EventCountry "RUS"]

1. Nf3 Nf6 2. c4 g6 3. Nc3 Bg7 4. g3 O-O 5. Bg2 Nc6 6. O-O d6 7. d3 e5 8. Rb1
a5 9. a3 Nd4 10. Nd2 c6 11. e3 Ne6 12. Nf3 Re8 13. e4 Nd4 14. Nxd4 exd4 15. Ne2
d5 16. exd5 cxd5 17. Nxd4 Ng4 18. Nb5 dxc4 19. Bf4 g5 20. Bd6 Bf5 21. dxc4 Bxb1
22. Qxb1 Qd7 23. Qd1 Rad8 24. Qd5 Nf6 25. Qxb7 Qxb7 26. Bxb7 Ne4 27. Bc7 Rd2
28. Bc6 Re7 29. Bxa5 Rxb2 30. Re1 f5 31. f3 Ra7 32. Bd5+ Kh8 33. fxe4 Rxa5 34.
exf5 Bf6 35. Re8+ Kg7 36. Rg8+ Kh6 37. g4 Be7 38. h4 gxh4 39. f6 Bxf6 40. Nd6
Bd4+ 41. Kf1 Rf2+ 42. Ke1 Rxd5 43. cxd5 h3 44. Ne4 Rf4 45. g5+ Kh5 46. Ng3+ Kg4
47. Nh1 Kf3 48. g6 hxg6 49. Rxg6 Re4+ 50. Kf1 h2 51. Rg3+ Kf4 52. Rh3 Ke5
1/2-1/2

[Event "Chigorin Memorial"]
[Site "St Petersburg"]
[Date "2015.10.09"]
[Round "7.21"]
[White "Lugovskoy, Maxim"]
[Black "Yandarbiev, Ruslan"]
[Result "1-0"]
[WhiteElo "2470"]
[BlackElo "2344"]
[PlyCount "55"]
[EventDate "2015.10.03"]
[EventRounds "9"]
[EventCountry "RUS"]

1. e4 c5 2. Nf3 d6 3. d4 Nf6 4. Nc3 cxd4 5. Nxd4 a6 6. Bc4 e6 7. Bb3 Nbd7 8.
Bg5 Qa5 9. Qd2 Be7 10. O-O-O Nc5 11. Rhe1 h6 12. Bxf6 Bxf6 13. Kb1 Qc7 14. f4
O-O 15. g4 b5 16. h4 b4 17. Na4 Bxh4 18. Rh1 Be7 19. g5 Nxe4 20. Qe3 d5 21.
gxh6 g6 22. f5 Bg5 23. Qg1 Kh7 24. Nb6 Qxb6 25. Nxe6 Nd2+ 26. Ka1 Be3 27. fxg6+
fxg6 28. Nxf8+ 1-0

[Event "Chigorin Memorial"]
[Site "St Petersburg"]
[Date "2015.10.09"]
[Round "7.22"]
[White "Ulko, Jaroslav"]
[Black "Savitskiy, Sergey"]
[Result "1/2-1/2"]
[WhiteElo "2467"]
[BlackElo "2333"]
[PlyCount "106"]
[EventDate "2015.10.03"]
[EventRounds "9"]
[EventCountry "RUS"]

1. d4 Nf6 2. c4 c5 3. d5 g6 4. Nc3 Bg7 5. e4 d6 6. Be2 O-O 7. Nf3 e6 8. O-O
exd5 9. cxd5 Bg4 10. Bf4 a6 11. a4 Bxf3 12. Bxf3 Ne8 13. Qd2 Nd7 14. Bg4 Rb8
15. Bg5 Bf6 16. Bh6 Ng7 17. f4 Bd4+ 18. Kh1 Nf6 19. Bf3 Qa5 20. Rad1 Rfe8 21.
Qc2 Nd7 22. Ne2 Bf6 23. Bg4 Nb6 24. f5 g5 25. Ng3 Nd7 26. Rde1 Re5 27. Qc1 Qd8
28. Re3 Qe7 29. Ra3 b6 30. Be2 Ra8 31. Rf2 Qd8 32. Qf1 Nb8 33. Rb3 Ra7 34. Bd3
Ne8 35. Nh5 Ng7 36. Bxg7 Bxg7 37. f6 Bh8 38. Rf5 Nd7 39. Rxe5 Nxe5 40. Bxa6 c4
41. Bxc4 Rxa4 42. Ba6 Ra5 43. Rc3 Rc5 44. Qf5 h6 45. h3 Qd7 46. Bc8 Qc7 47.
Rxc5 Qxc5 48. Ba6 Qc1+ 49. Kh2 Qxb2 50. Qc8+ Kh7 51. Qf5+ Kg8 52. Qc8+ Kh7 53.
Qf5+ Kg8 1/2-1/2

[Event "Chigorin Memorial"]
[Site "St Petersburg"]
[Date "2015.10.09"]
[Round "7.23"]
[White "Atabayev, Saparmyrat"]
[Black "Bodnaruk, Anastasia"]
[Result "0-1"]
[WhiteElo "2368"]
[BlackElo "2459"]
[PlyCount "86"]
[EventDate "2015.10.03"]
[EventRounds "9"]
[EventCountry "RUS"]

1. e4 c5 2. b3 Nc6 3. Bb2 d5 4. exd5 Qxd5 5. Nc3 Qe6+ 6. Nge2 Nf6 7. d3 b6 8.
g3 Bb7 9. Bg2 O-O-O 10. Qd2 Qd7 11. O-O-O e6 12. Kb1 Be7 13. h3 Ne8 14. f4 Bf6
15. Rhf1 h5 16. Ne4 Bxb2 17. Kxb2 Nc7 18. N4c3 Nd4 19. Bxb7+ Kxb7 20. Qe3 Qc6
21. Qf2 Rd7 22. Ne4 Rhd8 23. Ng5 Ncb5 24. Nf3 f6 25. Rc1 Qd6 26. a4 Nc7 27.
Rcd1 Qc6 28. Nc1 a6 29. Nh4 b5 30. axb5 axb5 31. Ne2 b4 32. Ra1 Ncb5 33. Qe1
Nxc2 34. Kxc2 Rxd3 35. Nc1 Rc3+ 36. Kb2 Nd4 37. g4 Nc2 38. Qe2 Nxa1 39. Kxa1 c4
40. bxc4 Ra8+ 41. Kb1 Qa4 42. Na2 Rb3+ 43. Ka1 Ra3 0-1

[Event "Chigorin Memorial"]
[Site "St Petersburg"]
[Date "2015.10.09"]
[Round "7.24"]
[White "Khanin, Semen"]
[Black "Baghdasaryan, Vahe"]
[Result "1-0"]
[WhiteElo "2359"]
[BlackElo "2439"]
[PlyCount "83"]
[EventDate "2015.10.03"]
[EventRounds "9"]
[EventCountry "RUS"]

1. e4 c5 2. Nf3 d6 3. d4 cxd4 4. Nxd4 Nf6 5. Nc3 a6 6. f3 e5 7. Nb3 Be7 8. Be3
Be6 9. Qd2 O-O 10. O-O-O a5 11. a4 Na6 12. g4 Nb4 13. g5 Ne8 14. Kb1 Rc8 15. f4
f5 16. fxe5 fxe4 17. Nd4 Bg4 18. Be2 Bxe2 19. Qxe2 Qd7 20. e6 Qd8 21. Nxe4 d5
22. Ng3 Nd6 23. Rhf1 Qe8 24. Rxf8+ Bxf8 25. c3 Na6 26. Bf4 Qg6+ 27. Qc2 Ne4 28.
Ngf5 Nb4 29. Qe2 Nc6 30. Ka1 Nxd4 31. Nxd4 Rc4 32. Qd3 Bc5 33. Nb3 Be7 34. Kb1
Rxa4 35. Nd4 Rc4 36. h4 a4 37. h5 Qe8 38. Nf5 Nxc3+ 39. bxc3 Rxf4 40. Qxd5 Qf8
41. Nxe7+ Qxe7 42. Qe5 1-0

[Event "Chigorin Memorial"]
[Site "St Petersburg"]
[Date "2015.10.09"]
[Round "7.26"]
[White "Maletin, Pavel"]
[Black "Bivol, Alina"]
[Result "1/2-1/2"]
[WhiteElo "2581"]
[BlackElo "2350"]
[PlyCount "202"]
[EventDate "2015.10.03"]
[EventRounds "9"]
[EventCountry "RUS"]

1. Nf3 Nf6 2. c4 e6 3. g3 d5 4. Bg2 Be7 5. O-O O-O 6. d4 c6 7. Qc2 b6 8. Rd1
Nbd7 9. b3 Bb7 10. Nc3 Ba6 11. Nd2 b5 12. Bb2 Qc8 13. e4 dxc4 14. bxc4 bxc4 15.
Nf1 Rd8 16. Ne3 Rb8 17. Ne2 Qc7 18. Rab1 Qa5 19. Bc3 Qa3 20. Rxb8 Rxb8 21. d5
Bb5 22. Rb1 Rd8 23. dxe6 fxe6 24. e5 Ba4 25. exf6 Bxc2 26. fxe7 Qxe7 27. Nxc2
Qd6 28. Re1 e5 29. Ne3 Nb6 30. Be4 Qc5 31. Rc1 Nd5 32. Rd1 Kf7 33. Bxd5+ cxd5
34. Bxe5 Qa5 35. Bd4 Qxa2 36. Nc3 Qa5 37. Rb1 Qc7 38. Ra1 a5 39. Nb5 Qc6 40.
Rxa5 Ra8 41. Rxa8 Qxa8 42. Nc3 Qe8 43. Kg2 Qc6 44. Ncxd5 Qg6 45. Bc3 Qe4+ 46.
f3 Qd3 47. g4 g5 48. Kg3 Qb1 49. Kg2 Qa2+ 50. Kg1 Qb1+ 51. Kf2 Qa2+ 52. Kf1
Qb1+ 53. Ke2 Qd3+ 54. Kf2 h6 55. Be1 Qd4 56. Nc3 Kg6 57. Ne2 Qe5 58. h3 Qh2+
59. Ng2 Qb8 60. h4 Qb6+ 61. Kf1 Qb1 62. h5+ Kh7 63. Ne3 Qb7 64. Kf2 Qb6 65. Bc3
Qc7 66. Ng3 Qa7 67. Ne4 Qa2+ 68. Kg3 Qb1 69. Kf2 Qa2+ 70. Ke1 Qb1+ 71. Ke2 Qd3+
72. Kf2 Kg8 73. Nf5 Qc2+ 74. Kg3 Qc1 75. Bd4 Qe1+ 76. Bf2 Qb4 77. Nxh6+ Kh7 78.
Nf5 c3 79. Nxg5+ Kg8 80. Nd4 Qc5 81. f4 c2 82. Nxc2 Qxc2 83. h6 Qd3+ 84. Kh4
Qd2 85. h7+ Kh8 86. Kg3 Qd3+ 87. Kg2 Qd5+ 88. Kh3 Qd3+ 89. Kh4 Qd2 90. Bg3 Qg2
91. f5 Qh1+ 92. Nh3 Kxh7 93. Bf4 Qe1+ 94. Bg3 Qe7+ 95. Ng5+ Kh6 96. Bf4 Qe1+
97. Kh3 Qf1+ 98. Kg3 Qe1+ 99. Kf3 Qf1+ 100. Kg3 Qe1+ 101. Kf3 Qf1+ 1/2-1/2

[Event "Chigorin Memorial"]
[Site "St Petersburg"]
[Date "2015.10.09"]
[Round "7.27"]
[White "Tukhaev, Adam"]
[Black "Zakaryan, David"]
[Result "1-0"]
[WhiteElo "2569"]
[BlackElo "2335"]
[PlyCount "95"]
[EventDate "2015.10.03"]
[EventRounds "9"]
[EventCountry "RUS"]

1. e4 c5 2. Nf3 Nc6 3. d4 cxd4 4. Nxd4 Qc7 5. c4 Nf6 6. Nc3 e6 7. Ndb5 Qb8 8.
Be3 b6 9. Be2 Bb7 10. O-O Be7 11. f4 d6 12. f5 O-O 13. fxe6 fxe6 14. Bg4 Bc8
15. Bh3 a6 16. Nd4 Nxd4 17. Qxd4 e5 18. Qd3 Bxh3 19. gxh3 Qc8 20. Rf5 b5 21.
cxb5 axb5 22. Qxb5 Rb8 23. Qe2 Qb7 24. Rf2 h6 25. a4 Qb4 26. a5 Rfc8 27. a6 Bd8
28. a7 Ra8 29. Ra4 Qb3 30. Qa6 Rc7 31. Kg2 Kh7 32. Qb5 Rb7 33. Qxb3 Rxb3 34.
Ra6 Nd7 35. Nd5 Bg5 36. Bxg5 hxg5 37. Nc7 Nc5 38. Ra2 Rxa7 39. Rxa7 Nd3 40. Rd2
Nf4+ 41. Kf1 Rf3+ 42. Kg1 Nxh3+ 43. Kg2 g4 44. Ne6 Kh6 45. Rxg7 Nf4+ 46. Nxf4
Kxg7 47. Nd5 Rb3 48. Nc3 1-0